000
00410nam a22001697a 4500
003
MPLRDC
005
20220104143935.0
008
210129b ||||| |||| 00| 0 eng d
082
_a
539.5226 KPR
100
_a
衡山县文化局编
245
_a
南岳的传说
_c
250
_a
初版
260
_a
_b
湖南人民出版社
_c
1981
300
_b
平
650
_a
民间传说
942
_c
BK
_o
539.5226 KPR
999
_c
44843
_d
44833